[Event "VIE-ch (Women)"]
[Site "Ho Chi Minh City"]
[Date "2021.03.29"]
[Round "8"]
[White "Le, La Tra My"]
[Black "Le, Thuy An"]
[Result "0-1"]
[WhiteElo "1851"]
[BlackElo "1700"]
[PlyCount "120"]
[EventDate "2021.03.24"]
[EventType "swiss"]
[EventRounds "9"]
[EventCountry "VIE"]
[SourceTitle "EXT 2022"]
[Source "ChessBase"]
[SourceDate "2021.10.06"]
[SourceVersion "1"]
[SourceVersionDate "2021.10.06"]
[SourceQuality "1"]

1. d4 d5 2. c4 e6 3. Nf3 Nf6 4. g3 dxc4 5. Bg2 a6 6. 0-0 Nc6 7. a4 Rb8 8. Bg5 Be7 9. e3 b5 10. Nc3 0-0 11. Qe2 Nd5 12. Bxe7 Qxe7 13. Rfd1 Qb4 14. axb5 axb5 15. Ne4 Bb7 16. Nc5 Rfd8 17. Ng5 h6 18. Nge4 Na5 19. Nc3 Nb3 20. Na2 Qa5 21. Nxb3 cxb3 22. Bxd5 Bxd5 23. Nc3 Qb4 24. Ra7 c5 25. e4 cxd4 26. exd5 dxc3 27. Qf3 Rf8 28. bxc3 Qc5 29. Raa1 exd5 30. Rxd5 Qc4 31. Rd4 b2 32. Rb1 Qa2 33. Qd1 b4 34. cxb4 Rfc8 35. b5 Qxb1 36. Qxb1 Rc1+ 37. Rd1 Rxb1 38. Rxb1 Rxb5 39. Kf1 Kh7 40. Ke2 Kg6 41. Kd3 Kf5 42. h3 f6 43. Kc4 Rb8 44. Kd4 h5 45. Ke3 Ke5 46. g4 hxg4 47. hxg4 Rb3+ 48. Ke2 Kf4 49. f3 g5 50. Kd2 Kxf3 51. Kc2 Rb6 52. Kd3 Kxg4 53. Ke4 f5+ 54. Ke3 f4+ 55. Kf2 f3 56. Ke3 Rb3+ 57. Kf2 Kf4 58. Kg1 g4 59. Kh2 g3+ 60. Kh3 Rb6 0-1

[Event "VIE-ch (Women)"]
[Site "Ho Chi Minh City"]
[Date "2021.03.26"]
[Round "4"]
[White "Tran, Le Dan Thuy"]
[Black "Le, Thuy An"]
[Result "1-0"]
[WhiteElo "2001"]
[BlackElo "1700"]
[PlyCount "119"]
[EventDate "2021.03.24"]
[EventType "swiss"]
[EventRounds "9"]
[EventCountry "VIE"]
[SourceTitle "EXT 2022"]
[Source "ChessBase"]
[SourceDate "2021.10.06"]
[SourceVersion "1"]
[SourceVersionDate "2021.10.06"]
[SourceQuality "1"]

1. e4 c5 2. Nf3 d6 3. d4 cxd4 4. Nxd4 Nf6 5. Nc3 a6 6. Bg5 e6 7. f4 Qb6 8. Nb3 Nbd7 9. Bd3 Qc7 10. Qf3 b5 11. 0-0-0 Bb7 12. Rhe1 Be7 13. g4 Rc8 14. Qe2 h6 15. Bxf6 Bxf6 16. e5 dxe5 17. Bxb5 axb5 18. Nxb5 Qb6 19. Nd6+ Ke7 20. Nxc8+ Rxc8 21. Qd2 Bd5 22. g5 hxg5 23. fxg5 Qc7 24. gxf6+ gxf6 25. Qb4+ Ke8 26. Rd2 Rb8 27. Qa5 Qc6 28. Rg1 Rb5 29. Rg8+ Ke7 30. Qd8+ Kd6 31. Qc8 Qxc8 32. Rxc8 Rb4 33. c4 Nb6 34. c5+ Kd7 35. Rb8 Rc4+ 36. Rc2 Rxc2+ 37. Kxc2 Nc4 38. Nd2 Ne3+ 39. Kd3 Ng4 40. h4 f5 41. Rg8 e4+ 42. Ke2 e3 43. Nf3 Bc4+ 44. Ke1 f6 45. Nd4 Ne5 46. Rg7+ Ke8 47. b3 Bd3 48. c6 f4 49. c7 Ba6 50. Rg8+ Kd7 51. Rd8+ Kxc7 52. Nxe6+ Kc6 53. Nxf4 Kc7 54. Rf8 Nf3+ 55. Kd1 Nd4 56. Nd5+ Kd6 57. Nxe3 Ke7 58. Ra8 Bb5 59. Ra5 Bc6 60. Nf5+ 1-0

[Event "VIE-ch (Women)"]
[Site "Ho Chi Minh City"]
[Date "2021.03.25"]
[Round "2"]
[White "Nguyen, Tran Ngoc Thuy"]
[Black "Le, Thuy An"]
[Result "0-1"]
[WhiteElo "1874"]
[BlackElo "1700"]
[PlyCount "94"]
[EventDate "2021.03.24"]
[EventType "swiss"]
[EventRounds "9"]
[EventCountry "VIE"]
[SourceTitle "EXT 2022"]
[Source "ChessBase"]
[SourceDate "2021.10.06"]
[SourceVersion "1"]
[SourceVersionDate "2021.10.06"]
[SourceQuality "1"]

1. e4 c5 2. Nf3 d6 3. d4 cxd4 4. Nxd4 Nf6 5. Nc3 a6 6. Be2 e6 7. Be3 Qc7 8. f3 b5 9. a3 Bb7 10. Qd2 Nbd7 11. Rd1 d5 12. exd5 Nxd5 13. Nxd5 Bxd5 14. 0-0 Bc5 15. Qc3 Rc8 16. Nf5 Qe5 17. Qxe5 Nxe5 18. Bxc5 Rxc5 19. Ne3 Bc4 20. Bxc4 Nxc4 21. Nxc4 Rxc4 22. c3 Ke7 23. Rd2 Rd8 24. Rfd1 Rxd2 25. Rxd2 Rc6 26. Kf2 Rd6 27. Rxd6 Kxd6 28. Ke3 Kd5 29. Kd3 e5 30. g4 f6 31. h4 g6 32. b3 f5 33. h5 a5 34. gxf5 gxf5 35. h6 a4 36. b4 e4+ 37. fxe4+ fxe4+ 38. Ke3 Kc4 39. Kxe4 Kxc3 40. Kd5 Kb3 41. Kc5 Kxa3 42. Kxb5 Kb3 43. Kc5 a3 44. b5 a2 45. b6 a1Q 46. b7 Qa7+ 47. Kc6 Qb8 0-1

[Event "VIE Cup (Women)"]
[Site "Hanoi"]
[Date "2021.??.??"]
[Round "2"]
[White "Le, Thuy An"]
[Black "Le, Phu Nguyen Thao"]
[Result "1-0"]
[WhiteElo "1728"]
[BlackElo "1940"]
[PlyCount "131"]
[EventDate "2021.05.03"]
[EventType "swiss"]
[EventRounds "9"]
[EventCountry "VIE"]
[SourceTitle "EXT 2022"]
[Source "ChessBase"]
[SourceDate "2021.10.06"]
[SourceVersion "1"]
[SourceVersionDate "2021.10.06"]
[SourceQuality "1"]

1. e4 c5 2. Nf3 e6 3. d4 cxd4 4. Nxd4 a6 5. c4 Nf6 6. Nc3 Qc7 7. Be3 Nc6 8. a3 Be7 9. Be2 0-0 10. 0-0 d6 11. Rc1 Ne5 12. f4 Ned7 13. Bf3 Rb8 14. Qe2 Re8 15. Rfd1 Nf8 16. Bf2 N6d7 17. b4 Nb6 18. Ndb5 axb5 19. Nxb5 Qd8 20. c5 Ng6 21. g3 Nd7 22. cxd6 Bf6 23. Nc7 b6 24. Nxe8 Qxe8 25. e5 Bd8 26. Rc7 Bxc7 27. dxc7 Rb7 28. Bxb7 Bxb7 29. Qb5 Bd5 30. Bxb6 Qc8 31. Qa5 h5 32. Bc5 h4 33. Bd6 h3 34. b5 Kh7 35. Rc1 f6 36. Qc3 Bb7 37. a4 fxe5 38. fxe5 Qa8 39. Qc2 Bc8 40. Ra1 Qa7+ 41. Qf2 Qa5 42. Qd4 Qa8 43. Ra2 Qa5 44. Kf2 Qa8 45. Ke3 Qa5 46. Kd3 Qe1 47. Qe3 Qb1+ 48. Rc2 Qb3+ 49. Kd2 Qxa4 50. Qd3 Qa5+ 51. Ke2 Qa8 52. Qf3 Qa4 53. Qh5+ Kg8 54. Qxg6 Qxb5+ 55. Qd3 Qa4 56. Qc4 Qa8 57. Qxe6+ Kh7 58. Qxh3+ Kg8 59. Qe6+ Kh7 60. Qf5+ Kg8 61. Qf3 Qa6+ 62. Qd3 Qb7 63. Qc4+ Kh7 64. Ke3 Qb6+ 65. Qd4 Qa6 66. Qd3+ 1-0

[Event "VIE-ch (Women)"]
[Site "Hanoi"]
[Date "2020.10.08"]
[Round "6"]
[White "Le, Thuy An"]
[Black "Nguyen, Hong Anh"]
[Result "0-1"]
[WhiteElo "1756"]
[BlackElo "1970"]
[PlyCount "50"]
[EventDate "2020.10.05"]
[EventType "swiss"]
[EventRounds "9"]
[EventCountry "VIE"]
[SourceTitle "EXT 2022"]
[Source "ChessBase"]
[SourceDate "2021.10.06"]
[SourceVersion "1"]
[SourceVersionDate "2021.10.06"]
[SourceQuality "1"]

1. e4 c5 2. Nf3 d6 3. d4 cxd4 4. Nxd4 Nf6 5. Nc3 g6 6. Be3 Bg7 7. f3 a6 8. Qd2 b5 9. a3 h5 10. 0-0-0 Bb7 11. Ndxb5 axb5 12. e5 b4 13. axb4 Ra1+ 14. Nb1 Nd5 15. Bb5+ Kf8 16. f4 dxe5 17. c4 Qc8 18. fxe5 Qf5 19. Qd3 Qxe5 20. Bd4 Bh6+ 21. Rd2 Bxd2+ 22. Qxd2 Qe4 23. Qc2 Qf4+ 24. Qd2 Rxb1+ 25. Kc2 Qxd2+ 0-1

[Event "VIE-ch (Women)"]
[Site "Hanoi"]
[Date "2020.10.06"]
[Round "2"]
[White "Le, Thuy An"]
[Black "Tran, Thi Nhu Y"]
[Result "0-1"]
[WhiteElo "1756"]
[BlackElo "1887"]
[PlyCount "88"]
[EventDate "2020.10.05"]
[EventType "swiss"]
[EventRounds "9"]
[EventCountry "VIE"]
[SourceTitle "EXT 2022"]
[Source "ChessBase"]
[SourceDate "2021.10.06"]
[SourceVersion "1"]
[SourceVersionDate "2021.10.06"]
[SourceQuality "1"]

1. e4 e6 2. d4 d5 3. Nd2 c5 4. exd5 exd5 5. Ngf3 c4 6. b3 cxb3 7. axb3 Bb4 8. Bb5+ Bd7 9. Qe2+ Ne7 10. 0-0 Bc3 11. Ba3 Bxd2 12. Nxd2 Bxb5 13. Qxb5+ Qd7 14. Qxd7+ Kxd7 15. Rfe1 Nbc6 16. Nf3 f6 17. c4 Rhe8 18. b4 Nf5 19. b5 Ncxd4 20. Nxd4 Nxd4 21. Red1 Nc2 22. Ra2 Nxa3 23. Rxa3 Kc7 24. cxd5 Kd6 25. Kf1 Re5 26. Rh3 Rxd5 27. Rxd5+ Kxd5 28. Rxh7 Rg8 29. Rh5+ Kc4 30. Ke2 Re8+ 31. Kd2 Re5 32. Rxe5 fxe5 33. h4 Kxb5 34. h5 Kc6 35. g4 Kd6 36. Kc3 Ke6 37. Kc4 a5 38. Kb5 b6 39. f3 Kf6 40. Kc4 a4 41. Kb4 b5 42. Ka3 Kg5 43. Kb4 e4 44. fxe4 Kxg4 0-1

[Event "VIE-ch U20 Girls"]
[Site "Hanoi"]
[Date "2020.??.??"]
[Round "7"]
[White "Le, Thuy An"]
[Black "Duong, Thi Thanh Huyen"]
[Result "1-0"]
[WhiteElo "1756"]
[BlackElo "2206"]
[PlyCount "101"]
[EventDate "2020.10.22"]
[EventType "tourn"]
[EventRounds "9"]
[EventCountry "VIE"]
[SourceTitle "EXT 2022"]
[Source "ChessBase"]
[SourceDate "2021.10.06"]
[SourceVersion "1"]
[SourceVersionDate "2021.10.06"]
[SourceQuality "1"]

1. e4 c5 2. Nf3 d6 3. d4 cxd4 4. Nxd4 Nf6 5. Nc3 g6 6. Be3 Bg7 7. f3 a6 8. Qd2 b5 9. a3 Bb7 10. 0-0-0 Nc6 11. g4 h5 12. g5 Nd7 13. f4 Nb6 14. Rg1 Qc7 15. Qf2 Nd7 16. Bh3 Na5 17. f5 Bxd4 18. Bxd4 Rf8 19. Rgf1 gxf5 20. Bxf5 e6 21. g6 exf5 22. g7 Rg8 23. Qxf5 0-0-0 24. Qxh5 Qc4 25. Qxf7 Qxf7 26. Rxf7 Nc4 27. Rg1 Nce5 28. Rf5 Rde8 29. h4 Re7 30. Bxe5 Rxe5 31. Rxe5 dxe5 32. h5 Nf6 33. Rf1 Nh7 34. h6 Kc7 35. Rf7+ Kc8 36. Re7 Bc6 37. Rxe5 Be8 38. Nd5 Kd7 39. Ne7 Kd6 40. Nxg8 Kxe5 41. Nf6 Nxf6 42. h7 Nxh7 43. g8Q Nf6 44. Qg5+ Ke6 45. Qf5+ Ke7 46. e5 Nd5 47. b3 Bd7 48. Qg5+ Ke6 49. c4 bxc4 50. bxc4 Ne7 51. Qf6# 1-0